| 000 | 00490nam a2200205 a 4500 | ||
|---|---|---|---|
| 999 |
_c7226 _d7226 |
||
| 001 | 7226 | ||
| 003 | BD-JhCC | ||
| 005 | 20180212104036.0 | ||
| 008 | 180206s1964 uk |||| |||| 000 0 eng d | ||
| 035 | _a(BD-JhCC) | ||
| 040 |
_aBD-JhCC _dBD-JhCC |
||
| 041 | _aeng | ||
| 082 |
_a346.72907 _bBAL 1964 |
||
| 100 | _aBall, Zachary | ||
| 245 |
_aJoe Panther / _cZachary Ball |
||
| 260 |
_aLondon: _bCollins; _c1964 |
||
| 300 |
_a188 p;, _c18 cm |
||
| 650 | _aAdventure Stories | ||
| 942 |
_2ddc _cBK |
||